LEADER 02433nam 22005774a 450 001 9910457759803321 005 20200520144314.0 010 $a1-280-91289-8 010 $a9786610912896 010 $a0-7656-2203-3 035 $a(CKB)1000000000348420 035 $a(EBL)302439 035 $a(OCoLC)213305755 035 $a(SSID)ssj0000149958 035 $a(PQKBManifestationID)11159869 035 $a(PQKBTitleCode)TC0000149958 035 $a(PQKBWorkID)10239590 035 $a(PQKB)11214562 035 $a(MiAaPQ)EBC302439 035 $a(Au-PeEL)EBL302439 035 $a(CaPaEBR)ebr10178043 035 $a(CaONFJC)MIL91289 035 $a(EXLCZ)991000000000348420 100 $a20060509d2007 uy 0 101 0 $aeng 135 $aur|n|---||||| 181 $ctxt 182 $cc 183 $acr 200 10$aEthics management for public administrators$b[electronic resource] $ebuilding organizations of integrity /$fDonald C. Menzel 210 $aArmonk, N.Y. $cM.E. Sharpe$dc2007 215 $a1 online resource (232 p.) 300 $aDescription based upon print version of record. 311 $a0-7656-1813-3 320 $aIncludes bibliographical references (p. 193-202) and index. 327 $aContents; Preface and Acknowledgments; 1 Ethics Management; 2 Constitutional and Administrative Environments; 3 Tools for Ethics Managers; 4 Ethics Management in American Cities and Counties; 5 Federal and State Ethics Management; 6 Ethics Management Internationally; 7 Ethical Governance in the Twenty-First Century; References; Index; About the Author 330 $aAimed at college students contemplating careers in public service, elected and appointed officials, administrators, and career public servants, this is a practical, ''how to'' book dedicated to building organizations of integrity. It takes a public management perspective towards constructing ethical organizations. 606 $aPublic administration$xMoral and ethical aspects 606 $aCivil service ethics 608 $aElectronic books. 615 0$aPublic administration$xMoral and ethical aspects. 615 0$aCivil service ethics. 676 $a172/.2 700 $aMenzel$b Donald C$012891 801 0$bMiAaPQ 801 1$bMiAaPQ 801 2$bMiAaPQ 906 $aBOOK 912 $a9910457759803321 996 $aEthics management for public administrators$91909192 997 $aUNINA LEADER 04222nam 22007215 450 001 9910337911203321 005 20200705233429.0 010 $a3-319-91950-4 024 7 $a10.1007/978-3-319-91950-8 035 $a(CKB)4100000006999285 035 $a(MiAaPQ)EBC5540872 035 $a(DE-He213)978-3-319-91950-8 035 $a(PPN)231463464 035 $a(EXLCZ)994100000006999285 100 $a20181003d2019 u| 0 101 0 $aeng 135 $aurcnu|||||||| 181 $ctxt$2rdacontent 182 $cc$2rdamedia 183 $acr$2rdacarrier 200 10$aContemporary Urban Design Thinking $eThe Australian Approach /$fedited by Rob Roggema 205 $a1st ed. 2019. 210 1$aCham :$cSpringer International Publishing :$cImprint: Springer,$d2019. 215 $a1 online resource (236 pages) 225 1 $aContemporary Urban Design Thinking,$x2522-8404 311 $a3-319-91949-0 327 $aIntroduction -- 1. Growth of Sydney Metropolitan Region Over Time and Current Urban Design Practices -- 2. The City as an Economic Driver -- 3. 20 Years of Spatial Growth and Planning in Sydney -- 4. The Role of Qualitative Public Spaces -- 5. The Need for Developing Sustainability in Urbanism -- 6. The Concept of the Resilient City -- 7. The Design of the Sydney Green Grid -- 8. Landscapes and a Driver for Urban Design -- 9. The Role of Mobility in Current and Future Cities -- 10. The Relationship between Urbanism and Politics -- 11. How Local Economics Play a Role in Community Driven Urban Design -- 12. Sustainable Urban Projects and Urban Architecture -- Conclusions. . 330 $aThis book is oriented on cities and their role in society, from the public places created in cities to the visionary and more abstract views on large scale developments. The chapter authors argue, each in their own way, how urban design can produce an answer to these questions. Furthermore, detailed insights are given into how current designers, architects, urbanists and landscape architects deal with the contemporary urban problems of our time: climate change, migration, resiliency, politics, environmental change This book includes chapters from leading thinkers in urban design, city development and landscape urbanism fields. The authors have included the most recent insights in urbanism ensuring that this book provides a state-of-the -art text which is both actual and timely. 410 0$aContemporary Urban Design Thinking,$x2522-8404 606 $aRegional planning 606 $aCity planning 606 $aClimatic changes 606 $aSustainable development 606 $aBuildings?Design and construction 606 $aBuilding 606 $aConstruction 606 $aEngineering, Architectural 606 $aEnvironmental sociology 606 $aLandscape/Regional and Urban Planning$3https://scigraph.springernature.com/ontologies/product-market-codes/J15000 606 $aClimate Change/Climate Change Impacts$3https://scigraph.springernature.com/ontologies/product-market-codes/313000 606 $aSustainable Development$3https://scigraph.springernature.com/ontologies/product-market-codes/U34000 606 $aBuilding Construction and Design$3https://scigraph.springernature.com/ontologies/product-market-codes/T23012 606 $aEnvironmental Sociology$3https://scigraph.springernature.com/ontologies/product-market-codes/X22160 615 0$aRegional planning. 615 0$aCity planning. 615 0$aClimatic changes. 615 0$aSustainable development. 615 0$aBuildings?Design and construction. 615 0$aBuilding. 615 0$aConstruction. 615 0$aEngineering, Architectural. 615 0$aEnvironmental sociology. 615 14$aLandscape/Regional and Urban Planning. 615 24$aClimate Change/Climate Change Impacts. 615 24$aSustainable Development. 615 24$aBuilding Construction and Design. 615 24$aEnvironmental Sociology. 676 $a307.12160994 702 $aRoggema$b Rob$4edt$4http://id.loc.gov/vocabulary/relators/edt 906 $aBOOK 912 $a9910337911203321 996 $aContemporary Urban Design Thinking$92215730 997 $aUNINA